Národný výbor hlavného mesta SSR Bratislavy

Bibliographic Details
Main Author: Tomečková, Oľga (Author)
Format: Article
Language:Slovak
Subjects:

MARC

LEADER 00000nab a2200000 a 4500
001 vtls000375268
003 SK-MaSNL
005 20260303210242.0
008 111202c1990 xo 0 slo
015 |a SNBRB19rr/mm-uuuuu 
035 |a CL0375390 
040 |a SNKBUCL  |b slo  |c SNKBUCL  |e AACR2 
041 0 |a slo 
044 |a xo  |c SK 
080 |a 352(437.6)  |2 1981 
100 1 |a Tomečková, Oľga  |4 aut  |9 935186 
245 1 0 |a Národný výbor hlavného mesta SSR Bratislavy  |c Oľga Tomečková 
610 1 7 |a Bratislava (Slovensko).  |b Národný výbor  |2 snkbucl  |9 176349 
651 7 |a 5100  |2 snkbucl  |9 166206 
655 7 |a články z novín a časopisov  |2 snkbucl  |9 267496 
773 0 |t Národné výbory  |g Č. 1 (1990), s. 10 
850 |a Slovenská národná knižnica v Martine  |a MTA001 
852 |a SNK  |b KIS3GCP 
958 |a RK 
992 |a RBX 
999 |c 2199482  |d 2201412